<?xml version="1.0" encoding="UTF-8"?>
<record
    xmlns:xsi="http://www.w3.org/2001/XMLSchema-instance"
    xsi:schemaLocation="http://www.loc.gov/MARC21/slim http://www.loc.gov/standards/marcxml/schema/MARC21slim.xsd"
    xmlns="http://www.loc.gov/MARC21/slim">

  <leader>01714nam a2200289Ia 4500</leader>
  <datafield tag="999" ind1=" " ind2=" ">
    <subfield code="c">4018</subfield>
    <subfield code="d">4018</subfield>
  </datafield>
  <controlfield tag="003">OSt</controlfield>
  <controlfield tag="005">20200504114250.0</controlfield>
  <controlfield tag="008">191128s2017    ck ao  gr     000 0 spa d</controlfield>
  <datafield tag="020" ind1=" " ind2=" ">
    <subfield code="a">9789588944814</subfield>
  </datafield>
  <datafield tag="040" ind1=" " ind2=" ">
    <subfield code="a">CO-JMCR</subfield>
    <subfield code="c">CO-JMCR</subfield>
  </datafield>
  <datafield tag="041" ind1="0" ind2=" ">
    <subfield code="a">spa</subfield>
  </datafield>
  <datafield tag="082" ind1="0" ind2="4">
    <subfield code="a">305.5633 / </subfield>
    <subfield code="b">M543c</subfield>
  </datafield>
  <datafield tag="100" ind1="1" ind2=" ">
    <subfield code="a">Meneses Bola&#xF1;os, Wilder Jamith, </subfield>
    <subfield code="e">investigador</subfield>
    <subfield code="9">3830</subfield>
  </datafield>
  <datafield tag="245" ind1=" " ind2="0">
    <subfield code="a">Crecer como un r&#xED;o : </subfield>
    <subfield code="b">jornaliando cuesta arriba por vida digna, integraci&#xF3;n regional y desarrollo propio del Macizo Colombiano, Cauca, Nari&#xF1;o y Colombia /</subfield>
    <subfield code="c">Wilder Jamith Meneses Bola&#xF1;os, Camilo L&#xF3;pez P&#xE9;rez, V&#xED;ctor Hugo Buesaquillo [y otros 4]</subfield>
  </datafield>
  <datafield tag="250" ind1=" " ind2=" ">
    <subfield code="a">Primera edici&#xF3;n</subfield>
  </datafield>
  <datafield tag="260" ind1=" " ind2=" ">
    <subfield code="a">Bogot&#xE1; : </subfield>
    <subfield code="b">Centro de Memoria Hist&#xF3;rica, </subfield>
    <subfield code="c">2017</subfield>
  </datafield>
  <datafield tag="300" ind1=" " ind2=" ">
    <subfield code="a">411 p&#xE1;ginas : </subfield>
    <subfield code="b">ilustraciones fotograf&#xED;a ; </subfield>
    <subfield code="c">23 cm.</subfield>
  </datafield>
  <datafield tag="505" ind1=" " ind2=" ">
    <subfield code="a">El Cima fue un r&#xED;o grande donde ca&#xED;mos todos los arroyitos del Macizo -- El Macizo vuelve a rugir -- Caminos y siembras en &#xE9;pocas de crisis y miedo -- Estrategias y alianzas para romper el cerco de violencia y el miedo --La resiembra en el macizo Colombia</subfield>
  </datafield>
  <datafield tag="520" ind1=" " ind2=" ">
    <subfield code="a">Recordar los caminos recorridos en el Cima evoca alegr&#xED;a y tristeza. En el caminar del Cima se han vivido momentos que han sido tristes ; ha habido muertos como el asesinato de Enoc Sambon&#xED;, se&#xF1;alamientos, amenazas, desplazamientos forzados.</subfield>
  </datafield>
  <datafield tag="650" ind1="1" ind2="4">
    <subfield code="a">V&#xED;ctimas de la violencia </subfield>
    <subfield code="y">Siglo XX </subfield>
    <subfield code="z">Valle del Cauca</subfield>
    <subfield code="9">3831</subfield>
  </datafield>
  <datafield tag="650" ind1="2" ind2="4">
    <subfield code="a"> Conflicto armado</subfield>
    <subfield code="z">Valle del Cauca</subfield>
    <subfield code="9">3834</subfield>
  </datafield>
  <datafield tag="650" ind1="2" ind2="4">
    <subfield code="a">Tenencia de la tierra</subfield>
    <subfield code="z">Valle del Cauca</subfield>
    <subfield code="9">3835</subfield>
  </datafield>
  <datafield tag="650" ind1="2" ind2="4">
    <subfield code="a">Desarrollo regional </subfield>
    <subfield code="z">Valle del Cauca</subfield>
    <subfield code="9">3836</subfield>
  </datafield>
  <datafield tag="700" ind1="1" ind2=" ">
    <subfield code="a">L&#xF3;pez P&#xE9;rez, Camilo, </subfield>
    <subfield code="e"> investigador</subfield>
    <subfield code="9">3832</subfield>
  </datafield>
  <datafield tag="700" ind1="1" ind2=" ">
    <subfield code="a">Buesaquillo, V&#xED;ctor Hugo, </subfield>
    <subfield code="e">investigador</subfield>
    <subfield code="9">3833</subfield>
  </datafield>
  <datafield tag="942" ind1=" " ind2=" ">
    <subfield code="2">ddc</subfield>
    <subfield code="c">BK</subfield>
  </datafield>
  <datafield tag="952" ind1=" " ind2=" ">
    <subfield code="0">0</subfield>
    <subfield code="1">0</subfield>
    <subfield code="2">ddc</subfield>
    <subfield code="3">Donaci&#xF3;n--12/04/2018--</subfield>
    <subfield code="4">0</subfield>
    <subfield code="7">0</subfield>
    <subfield code="a">CPL</subfield>
    <subfield code="b">CPL</subfield>
    <subfield code="c">GEN</subfield>
    <subfield code="d">2019-11-28</subfield>
    <subfield code="e">Donaci&#xF3;n</subfield>
    <subfield code="g">0.00</subfield>
    <subfield code="l">1</subfield>
    <subfield code="o">305.5633 / M543c </subfield>
    <subfield code="p">201808811</subfield>
    <subfield code="r">2024-12-12 16:01:07</subfield>
    <subfield code="s">2024-12-10</subfield>
    <subfield code="t">V.2 / Ej.1</subfield>
    <subfield code="w">2019-11-28</subfield>
    <subfield code="y">BK</subfield>
  </datafield>
</record>
